| 000 | 00822nam a2200241Ia 4500 | ||
|---|---|---|---|
| 999 |
_c65619 _d65619 |
||
| 005 | 20240530110834.0 | ||
| 008 | 140319s2009 xx 000 0 ara d | ||
| 017 |
_a2008/13193 _bمصر. دار الكتب |
||
| 040 |
_aGCL / _cGCL |
||
| 082 | 0 | 4 |
_221 _a272 _bم ن |
| 100 | 1 | _aمحمد عبدالله الشرقاوى | |
| 245 | 1 | 0 |
_aنقد التوراة والاناجيل الاربعة : _bبين انقطاع السند وتناقض المتن / _cمحمد عبدالله الشرقاوى |
| 250 | _aط.1 | ||
| 260 |
_aالقاهرة : _c2009 |
||
| 300 |
_a187 ص. ؛ _c24 سم. |
||
| 650 | 0 | 7 |
_2qrmak _aالتوراة |
| 650 | 0 | 7 | _aالاسفار |
| 650 | 0 | 7 | _aالعهد القديم |
| 650 | 0 | 7 | _aالانجيل |
| 651 | _2qrmak | ||
| 942 |
_2ddc _cBK |
||